Valentina : novel·la / Carles Soldevila novel·la / Carles Soldevila
Descripción Física:
236 p. ; 20 cm
MARC
| LEADER | 00000nam a2200000Ia 4500 | ||
|---|---|---|---|
| 001 | 19548 | ||
| 008 | 160829s1933 xx 000 0 cat d | ||
| 080 | |a L-2-92 | ||
| 100 | |a Soldevila, Carles |9 46684 | ||
| 245 | |a Valentina : |b novel·la / Carles Soldevila | ||
| 260 | |a Barcelona : |b Llibreria Catalònia, |c 1933 | ||
| 300 | |a 236 p. ; |c 20 cm | ||
| 590 | |a Prové de 4170, exp. 83. | ||
| 590 | |a Premi Joan Creixells (1933) | ||
| 901 | |a Arxiu | ||
| 942 | |n 1 | ||
| 952 | |0 0 |1 0 |4 0 |6 L292 |7 1 |9 53381 |a Arxiu |b Arxiu |d 2016-12-01 |l 0 |o L-2-92 |p 19548 |r 2016-12-01 00:00:00 |w 2016-12-01 |y ARXIU | ||
| 999 | |c 57246 |d 57246 | ||